Color the Scene- Beach - Statistics

General Stats
  • This quiz has been taken 44 times
  • The average score is 6 of 7
Answers on the Map
Answers color-coded by a green-red scale on the quiz's map according to % correct below.
 
Answer Stats
Answer % Correct
sand
100%
sun
100%
Sky
97%
boat
91%
ocean
88%
umbrella
85%
cloud
55%
No matching quizzes found
Score Distribution
Percent of People with Each Score
Percentile by Number Answered
Your Score History
You have not taken this quiz